| 000 | 01149naa a22003017a 4500 | ||
|---|---|---|---|
| 001 | BR8700594 | ||
| 003 | BR-BrBNA | ||
| 005 | 20240918175750.0 | ||
| 007 | ta | ||
| 008 | 230509b bl.||||| |||| 00| 0 por d | ||
| 040 |
_aBR-BrBNA _bpor _cBiblioteca Nacional de Agricultura |
||
| 041 | _a(Pt) | ||
| 072 |
_aH20 _b2120 _b3875 _b4120 |
||
| 090 | _aH20 BR8700594 | ||
| 100 | 1 | _aMansk, Z. | |
| 100 | 1 | _aMatiello, J.B. | |
| 111 | 1 |
_a10. Congresso Brasileiro de Pesquisas Cafeeiras _cPocos de Caldas, MG (Brazil) _d29 Aug 1983 |
|
| 245 | 1 | _aEstudo de doses de fungicidas sistemicos e organicos no controle a Phoma spp em cafeeiro (Coffea arabica L.) | |
| 260 | 3 |
_aRio de Janeiro, RJ (Brasil): _c1983. |
|
| 500 | _aAnais do 10. Congresso Brasileiro de Pesquisas Cafeeiras Rio de Janeiro, RJ (Brasil): 1983. p. 389-391 (BR8700594-AM)H20 | ||
| 650 | _aFUNGICIDA SISTEMICO | ||
| 650 | _aFUNGICIDA ORGANICO | ||
| 650 | _aFUNGO | ||
| 650 | _aCAFE | ||
| 773 | 0 |
_tAnais do 10. Congresso Brasileiro de Pesquisas Cafeeiras _wH20 BR8700594 _gRio de Janeiro, RJ (Brasil), 1983. p. 389-391 |
|
| 909 |
_a202404 _bLucia _c55 _dLucia Elande |
||
| 942 |
_cAM _2AGRIS |
||
| 999 |
_c318036 _d318036 |
||